000 00529nam a2200169Ia 4500
999 _c6949
_d6949
003 OSt
005 20200120152018.0
008 190216s9999||||xx |||||||||||||| ||und||
040 _coclc
082 _a658.150954
_bSRI/M
100 _aSrivastava, R M
_91151
245 0 _aManagement Of Indian Financial Institutions /
_cR M Srevastava ; Divya Nigam
250 _a9th ed.
260 _bHimalaya Publishing House,
_c2004.
_aMumbai:
300 _a759p
942 _cBK
_2ddc
_h658.150954
_iSRI/M
_k658.150954
_mSRI/M